[Event "Plzen op-B 9th"]
[Site "Plzen"]
[Date "2003.??.??"]
[Round "7"]
[White "Smid, Jan"]
[Black "Pokorny, Jan"]
[Result "1-0"]
[WhiteElo "1784"]
[BlackElo "1420"]
[PlyCount "65"]
[EventDate "2003.08.??"]
[EventType "swiss"]
[EventRounds "9"]
[EventCountry "CZE"]
[SourceTitle "EXT 2005"]
[Source "ChessBase"]
[SourceDate "2004.11.15"]
[SourceVersion "1"]
[SourceVersionDate "2004.11.15"]
[SourceQuality "1"]

1. e4 d5 2. e5 Bf5 3. d4 e6 4. g4 Be4 5. Nf3 Nd7 6. Bg2 Nb6 7. 0-0 Ne7 8. Nbd2 f5 9. h3 Nc6 10. c3 Qd7 11. Nxe4 fxe4 12. Nd2 0-0-0 13. Qe2 Ne7 14. Nb3 Ng6 15. f3 exf3 16. Qxf3 Nh4 17. Qg3 Ng6 18. Bg5 Re8 19. h4 h6 20. Bd2 Qd8 21. h5 Nh4 22. Rf7 g5 23. hxg6 Nxg6 24. g5 h5 25. Raf1 Nc4 26. Bc1 h4 27. Qf3 Ncxe5 28. dxe5 Nxe5 29. Qe3 Nxf7 30. Rxf7 Re7 31. Rf6 e5 32. Qxa7 h3 33. Nc5 1-0

[Event "Plzen op-B 9th"]
[Site "Plzen"]
[Date "2003.??.??"]
[Round "9"]
[White "Smid, Jan"]
[Black "Zizka, V."]
[Result "1-0"]
[WhiteElo "1784"]
[BlackElo "1261"]
[PlyCount "85"]
[EventDate "2003.08.??"]
[EventType "swiss"]
[EventRounds "9"]
[EventCountry "CZE"]
[SourceTitle "EXT 2005"]
[Source "ChessBase"]
[SourceDate "2004.11.15"]
[SourceVersion "1"]
[SourceVersionDate "2004.11.15"]
[SourceQuality "1"]

1. e4 c5 2. Nf3 Nc6 3. d4 cxd4 4. Nxd4 Nf6 5. Nc3 e5 6. Ndb5 d6 7. Bg5 a6 8. Na3 b5 9. Bxf6 gxf6 10. Nd5 Bg7 11. c3 0-0 12. Qf3 Bb7 13. Bd3 Ne7 14. Nxf6+ Kh8 15. Nc2 Ng6 16. Nd5 Bh6 17. g3 Qg5 18. Nce3 Rae8 19. h4 Qd8 20. Nf6 Re6 21. Nfg4 Bxe3 22. Nxe3 Rf6 23. Qe2 d5 24. exd5 Bxd5 25. Nxd5 Qxd5 26. Qe4 Qc5 27. f3 Re6 28. g4 Rf6 29. h5 Rf4 30. Qe2 Ne7 31. Rf1 Nc8 32. 0-0-0 b4 33. Qc2 bxc3 34. Qxc3 Qe3+ 35. Qd2 Qb6 36. Kb1 Nd6 37. Rde1 Rd4 38. Qe3 Re8 39. h6 Nc4 40. Bxc4 Rd1+ 41. Kc2 Qg6+ 42. Kxd1 Rd8+ 43. Kc1 1-0

[Event "Schneider Bohemia op-B"]
[Site "Plzen"]
[Date "2001.??.??"]
[Round "4.6"]
[White "Benak, Jaroslav"]
[Black "Smid, Jan"]
[Result "0-1"]
[WhiteElo "1448"]
[BlackElo "1650"]
[PlyCount "60"]
[EventDate "2001.08.??"]
[EventType "swiss"]
[EventRounds "9"]
[EventCountry "CZE"]
[SourceTitle "EXT 2002"]
[Source "ChessBase"]
[SourceDate "2001.11.25"]
[SourceVersion "1"]
[SourceVersionDate "2001.11.25"]
[SourceQuality "1"]

1. d4 f5 2. c4 e6 3. Nc3 Nf6 4. Bg5 h6 5. Bxf6 Qxf6 6. g3 Bb4 7. Qd3 0-0 8. Bg2 f4 9. Nh3 g5 10. 0-0 Bxc3 11. Qxc3 Nc6 12. Bxc6 bxc6 13. c5 Qf5 14. gxf4 gxf4 15. Kh1 f3 16. Rg1+ Kh7 17. d5 Rf7 18. dxe6 dxe6 19. Rg3 fxe2 20. Rag1 e5 21. Qe3 Be6 22. Re1 Bd5+ 23. Kg1 Rg8 24. Qxe2 Rxg3+ 25. fxg3 Qxh3 26. a3 e4 27. Qc2 Qf5 28. b4 Kg8 29. a4 Qf3 30. a5 Rf6 0-1

[Event "Schneider Bohemia op-B"]
[Site "Plzen"]
[Date "2001.??.??"]
[Round "8.8"]
[White "Postupa, Pavel1111"]
[Black "Smid, Jan"]
[Result "0-1"]
[WhiteElo "1359"]
[BlackElo "1650"]
[PlyCount "120"]
[EventDate "2001.08.??"]
[EventType "swiss"]
[EventRounds "9"]
[EventCountry "CZE"]
[SourceTitle "EXT 2002"]
[Source "ChessBase"]
[SourceDate "2001.11.25"]
[SourceVersion "1"]
[SourceVersionDate "2001.11.25"]
[SourceQuality "1"]

1. e4 c5 2. Nf3 Nc6 3. d4 cxd4 4. Nxd4 Nf6 5. Nc3 e5 6. Nf3 d6 7. Bd3 h6 8. 0-0 Be7 9. Be3 Be6 10. Nd2 Ng4 11. Qe2 Nxe3 12. Qxe3 Bg5 13. Qe2 Nd4 14. Qd1 0-0 15. Nb3 Nxb3 16. axb3 a6 17. Ne2 f5 18. exf5 Bxf5 19. Bxf5 Rxf5 20. Qd5+ Rf7 21. Ng3 Kf8 22. Ne4 Be7 23. Rad1 Rc8 24. c3 Rc6 25. b4 Qb6 26. Rd2 g5 27. g3 Rg7 28. Qe6 Qd8 29. Qxh6 Kf7 30. Qh5+ Kg8 31. Qe2 Qc8 32. b5 axb5 33. Qxb5 Qh3 34. f3 Qd7 35. Rfd1 Rg6 36. Nc5 Qc7 37. Qxb7 Rxc5 38. Qe4 Kg7 39. Qe3 Rc4 40. Qe2 g4 41. Rf1 Qc5+ 42. Qf2 Qxf2+ 43. Rdxf2 gxf3 44. Rxf3 Rf6 45. Rxf6 Bxf6 46. Kg2 d5 47. Rb1 e4 48. Re1 Kf7 49. h4 Rc6 50. Rb1 Rb6 51. h5 Bxc3 52. b3 d4 53. g4 e3 54. Kf3 Rf6+ 55. Kg3 e2 56. g5 Rf1 57. Kg4 Rxb1 58. g6+ Kg7 59. Kg5 Rg1+ 60. Kf4 e1Q 0-1

[Event "Schneider Bohemia op-C"]
[Site "Plzen"]
[Date "2000.??.??"]
[Round "?"]
[White "Kasik, Miroslav"]
[Black "Smid, Jan"]
[Result "1-0"]
[WhiteElo "1795"]
[BlackElo "1980"]
[PlyCount "41"]
[EventDate "2000.??.??"]
[EventType "swiss"]
[EventRounds "9"]
[EventCountry "CZE"]
[SourceTitle "EXT 2003"]
[Source "ChessBase"]
[SourceDate "2002.11.25"]
[SourceVersion "1"]
[SourceVersionDate "2002.11.25"]
[SourceQuality "1"]

1. e4 c5 2. Nf3 Nc6 3. Nc3 g6 4. b3 Bg7 5. Bb2 Nf6 6. Rb1 0-0 7. Be2 b6 8. 0-0 Bb7 9. d3 d5 10. exd5 Nxd5 11. Nxd5 Qxd5 12. Bxg7 Kxg7 13. Qd2 Nd4 14. Rfc1 Rad8 15. Ne1 Qe6 16. Bf1 Rd5 17. c3 Nf5 18. Nf3 Qf6 19. Qg5 Qd6 20. c4 Nd4 21. cxd5 1-0